Missing Word: Crime Wave Quiz Stats

Quiz Updated Oct 3, 2016

Challenge
Share
Tweet
Embed
Score 0/16 Timer 02:00
0 Plays Today
Hint Missing Word % Correct
______ M for MurderDial
86.6%
The ______ SuspectsUsual
81.9%
First Great ______ RobberyTrain
81%
To Catch a ______Thief
80.3%
______ and the BanditSmokey
77.1%
______ and EnteringBreaking
65.3%
______ by DeathMurder
61.8%
______ on Precinct 13Assault
43.1%
Hint Missing Word % Correct
The ______ of Jesse James by the Coward Robert FordAssassination
36.7%
______HustleAmerican
29.6%
True ______Crime
28.2%
American ______Gangster
26.4%
Time ______Bandits
25.4%
The Thief of ______Bagdad
25.2%
Let's Go to ______Prison
22.4%
The Thief ______Lord
5.8%

Today's Daily Dose

Missing Word
Actress of Thrones

Word Ladder
Black Phrases

Quick Pick
'B' Beverages

On This Day
February 21st II

You're not logged in!

Compare scores with friends on all Sporcle quizzes.
Sign Up with Email
OR
Log In

You Might Also Like...

Show Comments

Extras

Top Quizzes Today


Score Distribution

Your Account Isn't Verified!

In order to create a playlist on Sporcle, you need to verify the email address you used during registration. Go to your Sporcle Settings to finish the process.